<?xml version="1.0" encoding="UTF-8"?>
<record
    xmlns:xsi="http://www.w3.org/2001/XMLSchema-instance"
    xsi:schemaLocation="http://www.loc.gov/MARC21/slim http://www.loc.gov/standards/marcxml/schema/MARC21slim.xsd"
    xmlns="http://www.loc.gov/MARC21/slim">

  <leader>01700nam a22002657a 4500</leader>
  <datafield tag="999" ind1=" " ind2=" ">
    <subfield code="c">21590</subfield>
    <subfield code="d">21590</subfield>
  </datafield>
  <controlfield tag="003">AR-CdUCM</controlfield>
  <controlfield tag="008">190312b           ||||| |||| 00| 0 spa d</controlfield>
  <datafield tag="020" ind1=" " ind2=" ">
    <subfield code="a">9786123180461</subfield>
  </datafield>
  <datafield tag="040" ind1=" " ind2=" ">
    <subfield code="a">MUNICIPALIDAD PROVINCIAL DEL CUSCO</subfield>
    <subfield code="c">BIBLIOTECA MUNICIPAL DEL CUSCO</subfield>
  </datafield>
  <datafield tag="082" ind1=" " ind2=" ">
    <subfield code="a">461/G21</subfield>
    <subfield code="b">G21</subfield>
  </datafield>
  <datafield tag="245" ind1=" " ind2=" ">
    <subfield code="a">La imaginaci&#xF3;n escrita :</subfield>
    <subfield code="b">manual de t&#xE9;cnicas de redacci&#xF3;n expresiva /</subfield>
    <subfield code="c">Marco Garc&#xED;a Falc&#xF3;n, Ricardo Huam&#xE1;n Z&#xFA;&#xF1;iga, compiladores</subfield>
  </datafield>
  <datafield tag="260" ind1=" " ind2=" ">
    <subfield code="a">Lima :</subfield>
    <subfield code="b">Universidad Peruana de Ciencias Aplicadas,</subfield>
    <subfield code="c">2016.</subfield>
  </datafield>
  <datafield tag="300" ind1=" " ind2=" ">
    <subfield code="a">391, [3] p&#xE1;ginas. :</subfield>
    <subfield code="b">ilustraciones ;</subfield>
    <subfield code="c">24 cm.</subfield>
  </datafield>
  <datafield tag="500" ind1=" " ind2=" ">
    <subfield code="z">Bibliograf&#xED;a: p. 374-391</subfield>
  </datafield>
  <datafield tag="505" ind1=" " ind2=" ">
    <subfield code="a">Contenido: Referir y expresar las cosas: c&#xF3;mo transitar de lo referencial a lo expresivo / Ra&#xFA;l Montesinos Parrinello -- A primera vista: c&#xF3;mo crear t&#xED;tulos atractivos / Percy Galindo -- La plasticidad de las oraciones: c&#xF3;mo lograr un fraseo expresivo / John Valle Araujo -- Las pulsaciones del texto: c&#xF3;mo generar ritmo con palabras / Rommy Balabarca Fataccioli -- &#xA1;Esa es la palabra!: c&#xF3;mo afinar el l&#xE9;xico / Gisela Salas Carrillo -- Adi&#xF3;s a lo literal. c&#xF3;mo construir figuras de expresi&#xF3;n / Ricardo Huam&#xE1;n Z&#xFA;&#xF1;iga -- Dibujar y emocionar con las palabras: c&#xF3;mo describir / Mart&#xED;n Cervetto -- Urdir las tramas: c&#xF3;mo escribir una buena narraci&#xF3;n / Carlos Gallardo</subfield>
  </datafield>
  <datafield tag="650" ind1=" " ind2=" ">
    <subfield code="a">Lengua espa&#xF1;ola</subfield>
    <subfield code="9">1124</subfield>
  </datafield>
  <datafield tag="650" ind1=" " ind2=" ">
    <subfield code="a">Comunicaci&#xF3;n escrita</subfield>
    <subfield code="9">39727</subfield>
  </datafield>
  <datafield tag="650" ind1=" " ind2=" ">
    <subfield code="a">Arte de escribir</subfield>
    <subfield code="9">45454</subfield>
  </datafield>
  <datafield tag="650" ind1=" " ind2=" ">
    <subfield code="a">Creaci&#xF3;n literaria</subfield>
    <subfield code="9">6738</subfield>
  </datafield>
  <datafield tag="700" ind1=" " ind2=" ">
    <subfield code="a">Garc&#xED;a Falc&#xF3;n, Marco (compilador)</subfield>
    <subfield code="9">45455</subfield>
  </datafield>
  <datafield tag="700" ind1=" " ind2=" ">
    <subfield code="a">Huam&#xE1;n Z&#xFA;&#xF1;iga, Ricardo (compilador)</subfield>
    <subfield code="9">45456</subfield>
  </datafield>
  <datafield tag="710" ind1=" " ind2=" ">
    <subfield code="a">Universidad Peruana de Ciencias Aplicadas</subfield>
    <subfield code="9">45331</subfield>
  </datafield>
  <datafield tag="942" ind1=" " ind2=" ">
    <subfield code="2">ddc</subfield>
    <subfield code="c">LIBROS</subfield>
  </datafield>
  <datafield tag="945" ind1=" " ind2=" ">
    <subfield code="a">Roel</subfield>
  </datafield>
  <datafield tag="952" ind1=" " ind2=" ">
    <subfield code="0">0</subfield>
    <subfield code="2">ddc</subfield>
    <subfield code="4">0</subfield>
    <subfield code="7">0</subfield>
    <subfield code="a">SH</subfield>
    <subfield code="b">SH</subfield>
    <subfield code="c">CART</subfield>
    <subfield code="d">2020-10-13</subfield>
    <subfield code="e">Compra</subfield>
    <subfield code="g">50.00</subfield>
    <subfield code="o">461/G21</subfield>
    <subfield code="p">SH0000016063</subfield>
    <subfield code="r">2020-10-13</subfield>
    <subfield code="y">LIBROS</subfield>
  </datafield>
  <datafield tag="952" ind1=" " ind2=" ">
    <subfield code="0">0</subfield>
    <subfield code="2">ddc</subfield>
    <subfield code="4">0</subfield>
    <subfield code="7">0</subfield>
    <subfield code="a">SH</subfield>
    <subfield code="b">SH</subfield>
    <subfield code="c">CART</subfield>
    <subfield code="d">2020-10-13</subfield>
    <subfield code="e">Compra</subfield>
    <subfield code="g">50.00</subfield>
    <subfield code="o">461/G21/e.2</subfield>
    <subfield code="p">SH0000016064</subfield>
    <subfield code="r">2020-10-13</subfield>
    <subfield code="y">LIBROS</subfield>
  </datafield>
</record>
